000 00544nam a2200169 a 4500
001 000035457
005 20200930074345.0
008 111101s1921 sp 000 0 spa d
040 _aDO-SdBNP
_bspa
_cBNPHU
082 _axxx
_bC524l
100 1 _aChessin, Sergio de
_961309
245 1 3 _aLa locura roja :
_baspectos y escena de la revolución rusa 1917-1918 /
_cSergio de Chessin.
250 _a2a ed.
260 _aBarcelona :
_bIndustrias Gráficas Seix y Barral Herms,
_c1921.
300 _a326 p. ;
_c20 cm.
500 _aTraducción de GAZIEL
999 _c34948
_d34948